| 000 -LEADER |
| fixed length control field |
00658cam a22002291a 4500 |
| 001 - CONTROL NUMBER |
| control field |
7943415 |
| 005 - DATE AND TIME OF LATEST TRANSACTION |
| control field |
20180215042753.0 |
| 008 - FIXED-LENGTH DATA ELEMENTS--GENERAL INFORMATION |
| fixed length control field |
740920s1958 nyu 001 0 eng |
| 010 ## - LIBRARY OF CONGRESS CONTROL NUMBER |
| LC control number |
58005061 |
| 035 ## - SYSTEM CONTROL NUMBER |
| System control number |
(OCoLC)1017280 |
| 040 ## - CATALOGING SOURCE |
| Original cataloging agency |
DLC |
| Transcribing agency |
OU |
| Modifying agency |
OCoLC |
| -- |
MoSU-L |
| -- |
NSyU |
| -- |
DLC |
| 041 ## - LANGUAGE CODE |
| Language code of text/sound track or separate title |
eng |
| 042 ## - AUTHENTICATION CODE |
| Authentication code |
premarc |
| 043 ## - GEOGRAPHIC AREA CODE |
| Geographic area code |
n-us--- |
| 080 ## - UNIVERSAL DECIMAL CLASSIFICATION NUMBER |
| Universal Decimal Classification number |
342.738 |
| 082 ## - DEWEY DECIMAL CLASSIFICATION NUMBER |
| Classification number |
342.738 SMI |
| 100 ## - Rafti |
| Rafti |
19 |
| 101 ## - Shkurtesa |
| Shkurtesa |
SHP |
| 245 00 - TITLE STATEMENT |
| Title |
Liberty and justice : |
| Statement of responsibility, etc |
edited by James Morton Smith and Paul L. Murphy. |
| 906 ## - LOCAL DATA ELEMENT F, LDF (RLIN) |
| a |
7 |
| b |
cbc |
| c |
oclcrpl |
| d |
u |
| e |
ncip |
| f |
19 |
| g |
y-gencatlg |
| 942 ## - ADDED ENTRY ELEMENTS (KOHA) |
| Source of classification or shelving scheme |
|
| Item type |
Books |